|
|
|
|
| LEADER |
00000 a2200000 4500 |
| 005 |
20130610151541.0 |
| 007 |
cr|||| |||| |
| 008 |
130610e2013 mx |||||s|||| 00||0 spa d |
| 035 |
|
|
|a 11258
|
| 040 |
|
|
|a vLex
|
| 090 |
|
|
|c 4291
|d 4291
|
| 100 |
1 |
0 |
|a Jalife Daher, Mauricio
|
| 245 |
1 |
0 |
|a Competencia desleal
|b rǧimen jurd̕ico mexicano
|c / Mauricio Jalife Daher
|h [Recurso electrn̤ico]
|
| 256 |
|
|
|a Servicio en ln̕ea
|
| 260 |
|
|
|a Mx̌ico D.F. :
|b Jalife Caballero,
|c 2013
|
| 300 |
|
|
|a 1 Recurso electrn̤ico
|
| 506 |
|
|
|d vLex Global
|d vLex Global (Academic Edition, excluding Law Schools)
|d vLex Global (U.S. Academic Edition, Law Schools)
|d vLex Global (U.S. Academic Edition, excluding Law Schools)
|d vLex Global (Academic Edition, Law Schools)
|
| 650 |
|
4 |
|a Derecho mercantil
|z Mx̌ico
|
| 650 |
|
4 |
|a Propiedad intelectual
|z Mx̌ico
|
| 740 |
|
|
|a vLex Libros (Servicio en ln̕ea)
|
| 856 |
|
|
|a Acceso restringido
|u http://www.vlex.com/source/11258
|
| 942 |
|
|
|c BOOK
|
| 999 |
|
0 |
|a Commercial law
|